000 00601nam a2200193 a 4500
001 000024177
005 20200930022801.0
008 110119s1969 ve r 000 0 spa d
040 _aDO-SdBNP
_bspa
_cBNPHU
082 _axxxxx
_bM491e
100 1 _aMedina, José Ramón
_d1921-
_99760
245 1 0 _aEnsayos y perfiles /
_cJosé Ramón Medina.
260 _aCaracas :
_bMinisterio de Educación,
_c1969.
300 _a310 p. ;
_c22.5 cm.
490 1 _aVigilia ;
_v21
504 _aIncluye referencias bibliográficas y notas al pie de las páginas.
830 0 _aVigilia ;
_n21
_949649
049 _aBNGR
999 _c23671
_d23671